| 000 | 01132aam a2200349 i 4500 | ||
|---|---|---|---|
| 999 |
_c27078 _d27050 |
||
| 001 | 014845931 | ||
| 003 | Uk | ||
| 005 | 20190207102053.0 | ||
| 008 | 081027s2009 flua b 001 0 eng | ||
| 015 |
_aGBA8D7527 _2bnb |
||
| 016 | 7 |
_a014845931 _2Uk |
|
| 020 | _a9781420084160 (cased) : | ||
| 020 | _a142008416X (cased) : | ||
| 040 |
_aStDuBDS _beng _cStDuBDS _dUk _dEG-ScBUE |
||
| 082 | 0 | 4 |
_a658.4013 _222 _bGIT |
| 100 | 1 | 0 | _aGitlow, Howard S. |
| 245 | 1 | 2 |
_aA guide to lean six sigma management skills / _cHoward S. Gitlow. |
| 264 |
_alondon;New york: _bCRC press; _c2009. |
||
| 300 |
_axv, 150 pages: _billustration; _c25 cm. |
||
| 336 |
_atext _2rdacontent |
||
| 337 |
_aunmediated _2rdamedia |
||
| 338 |
_avolume _2rdacarrier |
||
| 500 |
_aFormerly CIP. _5Uk |
||
| 500 | _a"An Auerbach book"--Cover. | ||
| 504 | _aIncludes bibliographical references and index. | ||
| 650 | 7 |
_aSix sigma (Quality control standard) _94820 _2BUEsh |
|
| 650 | 7 |
_aTotal quality management. _2BUEsh |
|
| 650 | 7 |
_aOrganizational effectiveness. _2BUEsh |
|
| 650 | 7 |
_aJob satisfaction. _96087 _2BUEsh |
|
| 653 | _cFebruary2019 | ||
| 942 |
_2ddc _cBB |
||